[Event "Bad Breisig Sen"]
[Site "?"]
[Date "2002.??.??"]
[Round "1"]
[White "Schulz, Eckhard"]
[Black "Dunkel, Horst"]
[Result "1-0"]
[WhiteElo "1855"]
[BlackElo "1703"]
[PlyCount "102"]
[EventDate "2002.??.??"]

1. d4 Nf6 2. c4 e6 3. Nc3 Bb4 4. e3 O-O 5. Bd3 c5 6. Nf3 b6 7. O-O Bxc3 8. bxc3
Bb7 9. Qe2 Re8 10. e4 d6 11. e5 dxe5 12. dxe5 Nfd7 13. Bxh7+ Kf8 14. Be4 Nc6
15. Bf4 Qc7 16. Bg3 Ne7 17. Bxb7 Qxb7 18. h3 Ng6 19. Rfe1 Rad8 20. Ng5 Kg8 21.
f4 Ndf8 22. Ne4 Re7 23. Red1 Red7 24. Rd6 Rxd6 25. Nxd6 Qc6 26. Rd1 Rd7 27. Bh2
Nh4 28. Rf1 Nf5 29. Ne4 Ne7 30. g4 Nc8 31. f5 exf5 32. gxf5 Qh6 33. Qf3 Nh7 34.
Bf4 Qh4 35. Kh2 Ne7 36. Bg3 Qh6 37. Bf4 Qh4 38. Bg3 Qh6 39. Nd6 Ng5 40. Qg4 f6
41. e6 Rd8 42. Bf4 Kf8 43. Nf7 Qxh3+ 44. Qxh3 Nxh3 45. Kxh3 Rd3+ 46. Kg4 g6 47.
Bh6+ Ke8 48. fxg6 Nxg6 49. Kf5 Ne5 50. Nxe5 fxe5 51. Kxe5 Re3+ 1-0

[Event "Bad Breisig Sen"]
[Site "?"]
[Date "2002.??.??"]
[Round "1"]
[White "Schumacher, Ursula"]
[Black "Marzluf, Dieter"]
[Result "0-1"]
[WhiteElo "1526"]
[BlackElo "1831"]
[PlyCount "78"]
[EventDate "2002.??.??"]

1. c4 c5 2. Nc3 Nc6 3. g3 g6 4. Bg2 Bg7 5. Nf3 Nf6 6. a3 O-O 7. O-O Re8 8. Qc2
d6 9. d3 e5 10. e3 Be6 11. Ng5 Bd7 12. Nge4 Nxe4 13. Nxe4 Qe7 14. b3 Rad8 15.
Bb2 f5 16. Nc3 Be6 17. Nd5 Qf7 18. Rad1 Rc8 19. Ba1 Ne7 20. Nc3 Rb8 21. Nb5 Nc8
22. Nc3 a6 23. Nd5 b5 24. Rb1 Nb6 25. Nxb6 Rxb6 26. f4 bxc4 27. bxc4 Reb8 28.
Rxb6 Rxb6 29. Rb1 Qc7 30. Rxb6 Qxb6 31. Qb2 Qc7 32. Qb7 Qa5 33. Qb8+ Bf8 34.
Qb1 Qd2 35. fxe5 dxe5 36. Bf1 Qxe3+ 37. Kg2 f4 38. Qd1 Bd7 39. Qf3 Bh3+ 0-1

[Event "Bad Breisig Sen"]
[Site "?"]
[Date "2002.??.??"]
[Round "1"]
[White "Homes, Helmut"]
[Black "Suess, Horst"]
[Result "1-0"]
[WhiteElo "1795"]
[BlackElo "1450"]
[PlyCount "73"]
[EventDate "2002.??.??"]

1. e4 e5 2. Nf3 Nc6 3. Bb5 a6 4. Ba4 b5 5. Bb3 Nf6 6. O-O Be7 7. Re1 d6 8. c3
O-O 9. d4 Bg4 10. Be3 Nd7 11. Bd5 Ndb8 12. h3 Be6 13. Bxc6 Nxc6 14. d5 Bxh3 15.
gxh3 Nb8 16. Kh2 f5 17. exf5 Rxf5 18. Nbd2 Nd7 19. Rg1 Nf6 20. Nf1 e4 21. Ng5
Rxd5 22. Qb3 c5 23. Ne6 c4 24. Rxg7+ Kh8 25. Nxd8 cxb3 26. Rxe7 Rxd8 27. axb3
Ra8 28. Bd4 Rf5 29. Rf7 Kg8 30. Rxf6 Rxf6 31. Bxf6 d5 32. Ne3 a5 33. Rg1+ Kf7
34. Bd4 Ke6 35. Rg5 a4 36. bxa4 bxa4 37. Re5+ 1-0

[Event "Bad Breisig Sen"]
[Site "?"]
[Date "2002.??.??"]
[Round "1"]
[White "Jakubowski, Karl"]
[Black "Blutharsch, Walter"]
[Result "1-0"]
[WhiteElo "1391"]
[BlackElo "1789"]
[PlyCount "65"]
[EventDate "2002.??.??"]

1. c4 Nf6 2. Nc3 e5 3. d3 Be7 4. Nf3 Nc6 5. g3 O-O 6. Bg2 d6 7. O-O h6 8. b3
Be6 9. Be3 Qd7 10. Qd2 Ng4 11. Qc1 Nxe3 12. Qxe3 Nb4 13. Qd2 c5 14. a3 Nc6 15.
Ne4 f5 16. Nc3 Rad8 17. e3 Bf6 18. Nd5 Bxd5 19. cxd5 Ne7 20. e4 g5 21. b4 b6
22. Qe2 f4 23. h3 Ng6 24. Nh2 Kh7 25. Qg4 Qb5 26. bxc5 bxc5 27. Rfb1 Qxd3 28.
Rb7+ Bg7 29. Nf3 fxg3 30. Nxg5+ hxg5 31. Qh5+ Kg8 32. Qxg6 gxf2+ 33. Kh2 1-0

[Event "Bad Breisig Sen"]
[Site "?"]
[Date "2002.??.??"]
[Round "1"]
[White "Ruppelt, Guenther"]
[Black "Vogel, Gerhard"]
[Result "1/2-1/2"]
[WhiteElo "1542"]
[BlackElo "1354"]
[PlyCount "40"]
[EventDate "2002.??.??"]

1. d4 Nf6 2. e3 g6 3. Bd3 Bg7 4. f4 e6 5. Nf3 d6 6. Nbd2 Nbd7 7. O-O O-O 8. c3
Nd5 9. Nb3 b6 10. e4 Ne7 11. Qe1 c5 12. Bc2 Qc7 13. Be3 c4 14. Nbd2 Bb7 15. Ng5
h6 16. Nh3 d5 17. Qh4 Nf6 18. e5 Ne4 19. g4 f5 20. g5 h5 1/2-1/2

[Event "Bad Breisig Sen"]
[Site "?"]
[Date "2002.??.??"]
[Round "2"]
[White "Johannsen, Ingbert"]
[Black "Homes, Helmut"]
[Result "1-0"]
[WhiteElo "1979"]
[BlackElo "1795"]
[PlyCount "75"]
[EventDate "2002.??.??"]

1. e4 e5 2. Nf3 Nc6 3. Bb5 a6 4. Ba4 Nf6 5. O-O Nxe4 6. d4 b5 7. Bb3 d5 8. dxe5
Be6 9. c3 Bc5 10. Bf4 O-O 11. Nd4 Nxd4 12. cxd4 Bb6 13. f3 Ng5 14. h4 Nxf3+ 15.
Rxf3 Bg4 16. Bg5 Qd7 17. Be3 Rae8 18. Bf2 c6 19. Nc3 f6 20. e6 Qxe6 21. Qd3
Bxf3 22. Qxf3 Qc8 23. Bc2 Re7 24. b4 Qe8 25. Bd3 Qf7 26. Ne2 Rfe8 27. Rf1 Bc7
28. Nc1 Bd6 29. a3 Ra7 30. Nb3 Bb8 31. Rc1 Qc7 32. Na5 Qh2+ 33. Kf1 Qh1+ 34.
Bg1 Qxh4 35. Nxc6 Qg5 36. Rd1 Rc7 37. Nxb8 Rxb8 38. Bh2 1-0

[Event "Bad Breisig Sen"]
[Site "?"]
[Date "2002.??.??"]
[Round "2"]
[White "Wild, Gerhard"]
[Black "Oser, Thor"]
[Result "1/2-1/2"]
[WhiteElo "1974"]
[BlackElo "1684"]
[PlyCount "74"]
[EventDate "2002.??.??"]

1. d4 d5 2. Nf3 e6 3. c4 c6 4. e3 Bd6 5. Nc3 Nf6 6. Bd3 Nbd7 7. O-O O-O 8. e4
dxe4 9. Nxe4 Nxe4 10. Bxe4 h6 11. Bc2 Re8 12. Qd3 Nf8 13. Re1 f5 14. b3 Qc7 15.
Qe2 Bd7 16. Bb2 Rad8 17. Rad1 Ng6 18. Ne5 Bxe5 19. dxe5 Bc8 20. g3 c5 21. f3 a5
22. Kf2 Qc6 23. Rxd8 Rxd8 24. Rd1 Rxd1 25. Qxd1 Qd7 26. Qe2 b6 27. Bc3 Bb7 28.
a3 Nf8 29. Qd3 Qxd3 30. Bxd3 Kf7 31. Bc2 Bc6 32. Ke3 Nd7 33. Bd1 g5 34. h3 Kg6
35. f4 Nf8 36. b4 axb4 37. axb4 Nd7 1/2-1/2

[Event "Bad Breisig Sen"]
[Site "?"]
[Date "2002.??.??"]
[Round "2"]
[White "Philipp, Guenther"]
[Black "Jakubowski, Karl"]
[Result "1-0"]
[WhiteElo "1703"]
[BlackElo "1391"]
[PlyCount "77"]
[EventDate "2002.??.??"]

1. d4 d5 2. Nf3 Nf6 3. Bg5 Bf5 4. e3 Nbd7 5. Bd3 Be4 6. Nbd2 c6 7. O-O Bxd3 8.
cxd3 e6 9. Ne5 Be7 10. f4 h6 11. Bh4 Nh7 12. Bxe7 Qxe7 13. Ndf3 O-O 14. Kh1 f6
15. Ng6 Qf7 16. Nxf8 Rxf8 17. Qb3 Nb6 18. Qa3 a6 19. Qb3 Qc7 20. Nh4 Re8 21.
Rac1 f5 22. Qd1 Nf6 23. Nf3 Qf7 24. Ne5 Qh5 25. Qxh5 Nxh5 26. b3 Nf6 27. h3 Nc8
28. Kh2 Nd6 29. a4 Nf7 30. Nxf7 Kxf7 31. b4 Nd7 32. b5 Nb8 33. bxa6 Nxa6 34.
Rb1 Rb8 35. Rb6 Nc7 36. Rfb1 Kf6 37. Rxb7 Rxb7 38. Rxb7 Na8 39. a5 1-0

[Event "Bad Breisig Sen"]
[Site "?"]
[Date "2002.??.??"]
[Round "2"]
[White "Alicke, Manfred"]
[Black "Struwecker, Sigurd"]
[Result "1/2-1/2"]
[WhiteElo "1598"]
[BlackElo "1700"]
[PlyCount "80"]
[EventDate "2002.??.??"]

1. e4 d5 2. e5 e6 3. d4 c5 4. c3 cxd4 5. cxd4 Qa5+ 6. Nc3 Bb4 7. Bd2 Bd7 8. a3
Bxc3 9. Bxc3 Qb6 10. Nf3 Nc6 11. Be2 Nge7 12. Bd3 Rc8 13. Rc1 Na5 14. b4 Nc4
15. Bxc4 Rxc4 16. O-O O-O 17. Nd2 Rc7 18. Nf3 Rfc8 19. Qd2 Rc4 20. g4 Qc7 21.
Bb2 b5 22. Rxc4 bxc4 23. Bc3 Ba4 24. Re1 Rf8 25. Kg2 Qd8 26. Qg5 Ng6 27. Qxd8
Rxd8 28. Kg3 h6 29. h4 Ne7 30. h5 a6 31. Nh4 Bc2 32. f4 Be4 33. Rf1 g6 34. hxg6
fxg6 35. Nf3 Rf8 36. Nd2 Bc2 37. Rc1 Ba4 38. Nf1 Kg7 39. Ne3 Bd7 40. Rf1 Rf7
1/2-1/2

[Event "Bad Breisig Sen"]
[Site "?"]
[Date "2002.??.??"]
[Round "2"]
[White "Blutharsch, Walter"]
[Black "Schumacher, Ursula"]
[Result "1-0"]
[WhiteElo "1789"]
[BlackElo "1526"]
[PlyCount "64"]
[EventDate "2002.??.??"]

1. e4 c6 2. d4 d5 3. e5 Bf5 4. Bd3 Bxd3 5. Qxd3 e6 6. Ne2 Nd7 7. O-O Qc7 8. Be3
Ne7 9. Ng3 Ng6 10. f4 c5 11. c3 cxd4 12. cxd4 Bb4 13. a3 Qa5 14. f5 exf5 15.
Qxf5 Ndxe5 16. dxe5 O-O 17. Nh5 Bc5 18. Bxc5 Qxc5+ 19. Kh1 Rae8 20. Nd2 Rxe5
21. Qg4 Qe7 22. Ng3 Rg5 23. Qd4 b6 24. Nf3 Rxg3 25. hxg3 Qd6 26. Kh2 Ne7 27.
Nh4 Qh6 28. Kg1 Qg5 29. Rae1 Nc6 30. Qc3 Ne7 31. Re5 Rc8 32. Qf3 Rc1 1-0

[Event "Bad Breisig Sen"]
[Site "?"]
[Date "2002.??.??"]
[Round "2"]
[White "Dunkel, Horst"]
[Black "Dziomba, Armin"]
[Result "1/2-1/2"]
[WhiteElo "1703"]
[BlackElo "1673"]
[PlyCount "137"]
[EventDate "2002.??.??"]

1. Nf3 d5 2. g3 c5 3. Bg2 Nc6 4. O-O Nf6 5. d4 e6 6. c3 b6 7. Nbd2 Qc7 8. Re1
Bb7 9. a3 Be7 10. b4 cxd4 11. cxd4 Rc8 12. Bb2 O-O 13. Rc1 Qb8 14. e3 Nd7 15.
Nb3 Bd6 16. Re2 f5 17. Rec2 h6 18. b5 Ne7 19. a4 Rxc2 20. Rxc2 Rc8 21. Qc1 g5
22. Rxc8+ Qxc8 23. Qxc8+ Bxc8 24. Ne1 Ng6 25. Nd3 Be7 26. Bc3 g4 27. Na1 Bd6
28. Bb4 Bc7 29. Nc2 Nf6 30. Nc1 Ne4 31. Nb3 Nd6 32. Nd2 a6 33. Bf1 axb5 34.
axb5 Bd7 35. Na3 Kf7 36. h4 gxh3 37. Bxh3 Nxb5 38. Nxb5 Bxb5 39. Bf1 Bxf1 40.
Kxf1 Ke8 41. Ke2 Kd7 42. Kd3 Kc6 43. Nb3 Kb5 44. Kc3 h5 45. Nc1 h4 46. gxh4
Nxh4 47. Nd3 Nf3 48. Be7 Kc6 49. Ba3 Nh2 50. Nb4+ Kb5 51. Nc2 f4 52. Kd3 Ka4
53. Be7 b5 54. e4 Ng4 55. exd5 exd5 56. f3 Nh2 57. Nb4 Nxf3 58. Nxd5 Bb8 59.
Nxf4 Nxd4 60. Kxd4 Bxf4 61. Kc3 Bc1 62. Kc2 Ba3 63. Bf6 b4 64. Bg7 b3+ 65. Kb1
Bb4 66. Kb2 Be1 67. Bh8 Kb4 68. Bg7 Kc4 69. Bf6 1/2-1/2

[Event "Bad Breisig Sen"]
[Site "?"]
[Date "2002.??.??"]
[Round "2"]
[White "Suess, Horst"]
[Black "Rogowski, Walter"]
[Result "1-0"]
[WhiteElo "1450"]
[BlackElo "1556"]
[PlyCount "65"]
[EventDate "2002.??.??"]

1. e4 g6 2. d4 Bg7 3. Nf3 d6 4. c3 b6 5. Bd3 Nf6 6. Bg5 Nfd7 7. Nbd2 c5 8. d5
O-O 9. O-O Nf6 10. h3 Ne8 11. Nh2 h6 12. Be3 f5 13. f4 e6 14. dxe6 Bxe6 15. Bc4
Bxc4 16. Nxc4 fxe4 17. Qd5+ Kh8 18. Qxa8 d5 19. Ne5 Qd6 20. Neg4 h5 21. Nf2 Nc6
22. Rad1 Nc7 23. Nxe4 Qe6 24. Qb7 Rf7 25. Nf2 Ne8 26. Qa6 Qxe3 27. Rfe1 Qxf4
28. Rxe8+ Kh7 29. Qe2 Be5 30. Nf3 Bd6 31. Rxd5 Ne7 32. Ng5+ Kg7 33. Ne6+ 1-0

[Event "Bad Breisig Sen"]
[Site "?"]
[Date "2002.??.??"]
[Round "3"]
[White "Schulz, Eckhard"]
[Black "Wild, Gerhard"]
[Result "1/2-1/2"]
[WhiteElo "1855"]
[BlackElo "1974"]
[PlyCount "41"]
[EventDate "2002.??.??"]

1. d4 d5 2. c4 e6 3. Nc3 Nf6 4. cxd5 exd5 5. Bg5 Be7 6. Qc2 c6 7. e3 Nbd7 8.
Bd3 O-O 9. Nf3 Re8 10. O-O Nf8 11. Rab1 h6 12. Bxf6 Bxf6 13. b4 a6 14. a4 Be6
15. Rfc1 Qd7 16. Nd2 Rec8 17. a5 Rab8 18. Na4 Qd6 19. Qc5 Qc7 20. Qb6 Qd6 21.
Qc5 1/2-1/2

[Event "Bad Breisig Sen"]
[Site "?"]
[Date "2002.??.??"]
[Round "3"]
[White "Oser, Thor"]
[Black "Marzluf, Dieter"]
[Result "1/2-1/2"]
[WhiteElo "1684"]
[BlackElo "1831"]
[PlyCount "79"]
[EventDate "2002.??.??"]

1. e4 e6 2. d4 d5 3. exd5 exd5 4. Nf3 Nf6 5. h3 Bd6 6. Bd3 O-O 7. O-O h6 8. Re1
Be6 9. Nbd2 c5 10. dxc5 Bxc5 11. Nb3 Bb6 12. Bf4 Nc6 13. c3 Nh5 14. Bh2 Qf6 15.
Nbd4 g5 16. Nxc6 bxc6 17. Be5 Qe7 18. Nd4 Bxd4 19. Bxd4 Nf4 20. Bf5 Qd7 21.
Bxe6 Nxe6 22. Qh5 Nxd4 23. cxd4 Kh7 24. Re3 Rae8 25. Rae1 Rxe3 26. Rxe3 Re8 27.
Rf3 f5 28. h4 Rg8 29. hxg5 Rxg5 30. Qh3 Qf7 31. Re3 Qf6 32. Re5 Rg4 33. g3 Kg6
34. f4 h5 35. Qg2 h4 36. Qe2 Kh5 37. Kh2 hxg3+ 38. Kg2 Kh4 39. Qf1 Kh5 40. Qe2
1/2-1/2

[Event "Bad Breisig Sen"]
[Site "?"]
[Date "2002.??.??"]
[Round "3"]
[White "Struwecker, Sigurd"]
[Black "Philipp, Guenther"]
[Result "1/2-1/2"]
[WhiteElo "1700"]
[BlackElo "1703"]
[PlyCount "94"]
[EventDate "2002.??.??"]

1. Nf3 d5 2. d4 Nf6 3. c4 c6 4. Nc3 Bg4 5. e3 e6 6. Be2 Be7 7. O-O O-O 8. b3
Nbd7 9. Bb2 Rc8 10. c5 Qc7 11. b4 e5 12. Nxe5 Bxe2 13. Nxe2 Nxe5 14. dxe5 Ng4
15. Qd4 Nh6 16. Qf4 Rce8 17. Nd4 Bd8 18. Nf3 f6 19. exf6 Qxf4 20. exf4 Bxf6 21.
Bxf6 Rxf6 22. g3 Nf7 23. Rfe1 Rfe6 24. Rxe6 Rxe6 25. Re1 Rxe1+ 26. Nxe1 Nd8 27.
Nc2 Ne6 28. Kf1 g6 29. Ke2 a5 30. a3 Kf7 31. Kd3 axb4 32. axb4 Kf6 33. Nd4 Ng7
34. Nb3 Ne6 35. Na5 Nd8 36. g4 Ne6 37. Nxb7 Nxf4+ 38. Kd2 Ne6 39. Nd6 Ke5 40.
Ke3 d4+ 41. Kd2 Nf4 42. b5 cxb5 43. Nxb5 Kd5 44. c6 Kxc6 45. Nxd4+ Kd5 46. Nf3
h6 47. Ke3 Ng2+ 1/2-1/2

[Event "Bad Breisig Sen"]
[Site "?"]
[Date "2002.??.??"]
[Round "3"]
[White "Jakubowski, Karl"]
[Black "Schneider, Miloca"]
[Result "0-1"]
[WhiteElo "1391"]
[BlackElo "2078"]
[PlyCount "84"]
[EventDate "2002.??.??"]

1. c4 f5 2. Nf3 Nf6 3. Nc3 g6 4. d3 Bg7 5. g3 c6 6. Bg2 d6 7. Bd2 e5 8. Bg5 O-O
9. e3 Nbd7 10. O-O h6 11. Bxf6 Nxf6 12. Rb1 Be6 13. b3 g5 14. Ne1 Qd7 15. f4
exf4 16. exf4 Ng4 17. Qd2 Bd4+ 18. Kh1 Qg7 19. Ne2 Be3 20. Qc3 Qxc3 21. Nxc3
Nf2+ 22. Rxf2 Bxf2 23. fxg5 hxg5 24. Nf3 g4 25. Nh4 Kg7 26. Rf1 Bb6 27. Ne2
Rae8 28. Nf4 Bd7 29. Rd1 Bd8 30. d4 Bg5 31. d5 Bxf4 32. gxf4 Rh8 33. dxc6 bxc6
34. Rxd6 Bc8 35. Bxc6 Re1+ 36. Kg2 Rxh4 37. Bd7 Bb7+ 38. Kg3 Rh3+ 39. Kf2 Ra1
40. Bc6 Rxa2+ 41. Kg1 Bxc6 42. Rxc6 Rxb3 0-1

[Event "Bad Breisig Sen"]
[Site "?"]
[Date "2002.??.??"]
[Round "3"]
[White "Homes, Helmut"]
[Black "Kahler, Kurt"]
[Result "1-0"]
[WhiteElo "1795"]
[BlackElo "1676"]
[PlyCount "91"]
[EventDate "2002.??.??"]

1. e4 c5 2. Nc3 Nc6 3. g3 d6 4. Bg2 g6 5. d3 f5 6. f4 Bg7 7. Nf3 fxe4 8. Nxe4
Bg4 9. c3 Nf6 10. O-O Qd7 11. Re1 h6 12. Qb3 Nxe4 13. dxe4 Be6 14. Qc2 O-O-O
15. Be3 Bh3 16. Red1 Bxg2 17. Kxg2 Qc7 18. Rac1 e5 19. b4 exf4 20. Bxf4 Ne5 21.
Nxe5 Bxe5 22. Be3 b6 23. Qb3 c4 24. Qa4 Qb7 25. Rd5 h5 26. Bd4 Rhe8 27. Qb5 Qc7
28. Rd1 Kb7 29. Bxe5 a6 30. Bxd6 Qc8 31. Qa4 Rxe4 32. Qc2 Rde8 33. R1d2 Qg4 34.
Rf2 h4 35. h3 Qe6 36. Rdd2 g5 37. Qd1 g4 38. hxg4 Qh6 39. Qf3 h3+ 40. Kh2 Qe6
41. Qf7+ Kc6 42. Bf8 Qxf7 43. Rxf7 Re2+ 44. Rxe2 Rxe2+ 45. Kxh3 Rxa2 46. g5 1-0

[Event "Bad Breisig Sen"]
[Site "?"]
[Date "2002.??.??"]
[Round "3"]
[White "Suess, Horst"]
[Black "Blutharsch, Walter"]
[Result "0-1"]
[WhiteElo "1450"]
[BlackElo "1789"]
[PlyCount "58"]
[EventDate "2002.??.??"]

1. e4 e5 2. Nf3 Nc6 3. Bb5 Nf6 4. d3 d6 5. Bg5 Be7 6. h3 O-O 7. O-O Be6 8. c3
a6 9. Ba4 h6 10. Bh4 Kh7 11. Nh2 d5 12. f3 Qd7 13. Bxf6 Bxf6 14. Ng4 Bxg4 15.
hxg4 Bg5 16. Nd2 b5 17. exd5 Qxd5 18. Ne4 Be3+ 19. Kh1 bxa4 20. Qxa4 Qd8 21. g3
Ne7 22. Qc2 f5 23. Nf2 Ng6 24. Qe2 f4 25. Kg2 Bb6 26. Rad1 fxg3 27. Nh3 Qh4 28.
Rh1 Qxh3+ 29. Rxh3 Nf4+ 0-1

[Event "Bad Breisig Sen"]
[Site "?"]
[Date "2002.??.??"]
[Round "3"]
[White "Dziomba, Armin"]
[Black "Vogel, Gerhard"]
[Result "1-0"]
[WhiteElo "1673"]
[BlackElo "1354"]
[PlyCount "97"]
[EventDate "2002.??.??"]

1. Nf3 Nf6 2. c4 g6 3. Nc3 Bg7 4. d4 d6 5. e4 Nbd7 6. Bd3 O-O 7. O-O c5 8. d5
h6 9. Re1 Nh7 10. Bc2 a6 11. a4 Nb6 12. Qd3 Nd7 13. Bf4 g5 14. Bg3 Ne5 15. Nxe5
dxe5 16. h3 Qd6 17. Bh2 Bd7 18. Ne2 f5 19. exf5 Bxf5 20. Qb3 Bxc2 21. Qxc2 Nf6
22. Ng3 Nd7 23. Nh5 Rf7 24. Re2 Raf8 25. Rae1 Rf5 26. g4 Rf3 27. Kg2 R3f7 28.
Nxg7 Kxg7 29. Rxe5 Qg6 30. Qxg6+ Kxg6 31. Re6+ Nf6 32. Rxe7 h5 33. f3 hxg4 34.
hxg4 Ng8 35. R1e6+ Kh7 36. Rxf7+ Rxf7 37. d6 Kg7 38. Be5+ Kf8 39. Rg6 Rd7 40.
Rxg5 Nh6 41. f4 Nf7 42. Rf5 Ke8 43. Rf6 b5 44. cxb5 axb5 45. axb5 Rb7 46. g5
Rxb5 47. Re6+ Kf8 48. d7 c4 49. Re8# 1-0

[Event "Bad Breisig Sen"]
[Site "?"]
[Date "2002.??.??"]
[Round "3"]
[White "Ruppelt, Guenther"]
[Black "Dunkel, Horst"]
[Result "1-0"]
[WhiteElo "1542"]
[BlackElo "1703"]
[PlyCount "37"]
[EventDate "2002.??.??"]

1. d4 Nf6 2. e3 e6 3. Bd3 d5 4. Nd2 c5 5. c3 Nc6 6. f4 Bd6 7. Ngf3 Qb6 8. Qe2
Qc7 9. Ne5 Nd7 10. O-O O-O 11. g4 f6 12. Nxc6 bxc6 13. Nf3 Re8 14. g5 Kh8 15.
Qg2 Rg8 16. Bxh7 Kxh7 17. g6+ Kh6 18. Ne5 Bxe5 19. Rf3 1-0

[Event "Bad Breisig Sen"]
[Site "?"]
[Date "2002.??.??"]
[Round "3"]
[White "Rogowski, Walter"]
[Black "Schumacher, Ursula"]
[Result "0-1"]
[WhiteElo "1556"]
[BlackElo "1526"]
[PlyCount "98"]
[EventDate "2002.??.??"]

1. Nf3 c6 2. e4 d5 3. Nc3 Bg4 4. Be2 e6 5. h3 Bxf3 6. Bxf3 d4 7. Ne2 e5 8. d3
Nd7 9. O-O Ne7 10. Bg5 f6 11. Bh4 g6 12. g4 Bg7 13. Qd2 O-O 14. Bg2 Rf7 15. f4
Qf8 16. fxe5 fxe5 17. Rxf7 Qxf7 18. Rf1 Qe6 19. c3 c5 20. Bg5 Rf8 21. b4 cxb4
22. cxb4 b5 23. Nc1 Nc6 24. a3 Rxf1+ 25. Bxf1 Nb6 26. Be2 Kh8 27. Bd1 Qf7 28.
Kg2 Qf8 29. Bb3 h6 30. Bh4 Qf4 31. Qc2 Nb8 32. Ne2 Qf8 33. Qc7 g5 34. Bg3 N8d7
35. Qxa7 Qc8 36. Be1 Qc6 37. Qa5 Bf6 38. Bd2 Kg7 39. Ng3 Bd8 40. Nf5+ Kg6 41.
h4 gxh4 42. Nxh6 Qf6 43. Qxb5 h3+ 44. Kg3 Qh4+ 45. Kf3 h2 46. Bf7+ Kh7 47. Bg8+
Kh8 48. Nf7+ Kxg8 49. Nh6+ Kh7 0-1

[Event "Bad Breisig Sen"]
[Site "?"]
[Date "2002.??.??"]
[Round "4"]
[White "Johannsen, Ingbert"]
[Black "Peters, Paul"]
[Result "1-0"]
[WhiteElo "1979"]
[BlackElo "2090"]
[PlyCount "53"]
[EventDate "2002.??.??"]

1. e4 e5 2. Nf3 Nc6 3. Bb5 f5 4. Nc3 fxe4 5. Nxe4 Nf6 6. Qe2 d5 7. Nxf6+ gxf6
8. d4 Bg7 9. Be3 O-O 10. c3 Re8 11. dxe5 fxe5 12. O-O-O Kh8 13. Ng5 Qd7 14. Qh5
h6 15. Rxd5 Qe7 16. Nf7+ Kg8 17. Nxh6+ Bxh6 18. Bxh6 Qf7 19. Qh4 Bf5 20. Bc4
Be6 21. Rd3 Ne7 22. Rf3 Nf5 23. Qg5+ Kh7 24. Rxf5 Qg6 25. Bxe6 Rxe6 26. Qxg6+
Rxg6 27. Be3 1-0

[Event "Bad Breisig Sen"]
[Site "?"]
[Date "2002.??.??"]
[Round "4"]
[White "Schneider, Miloca"]
[Black "Marzluf, Dieter"]
[Result "1-0"]
[WhiteElo "2078"]
[BlackElo "1831"]
[PlyCount "81"]
[EventDate "2002.??.??"]

1. e4 e6 2. Qe2 c5 3. g3 Nc6 4. Nf3 d6 5. Bg2 e5 6. c3 Bg4 7. d3 Be7 8. Nbd2
Qd7 9. Nc4 Nf6 10. Ne3 Be6 11. Ng5 O-O-O 12. Bd2 h6 13. Nxe6 fxe6 14. O-O-O Kb8
15. Kb1 Rhe8 16. h4 a6 17. f4 exf4 18. gxf4 Qc7 19. Bh3 Bf8 20. Qf2 e5 21. Nd5
Nxd5 22. exd5 Na7 23. Be6 Nb5 24. a4 Na7 25. c4 b5 26. axb5 axb5 27. f5 Be7 28.
Kc2 b4 29. b3 Bf6 30. Bc1 Kb7 31. Bb2 Ra8 32. Ra1 Re7 33. Qg2 Qd8 34. h5 Re8
35. Ra2 Qe7 36. Rha1 Reb8 37. Qg1 Qc7 38. Qg2 Qb6 39. Bd7 Qc7 40. Bc6+ Nxc6 41.
dxc6+ 1-0

[Event "Bad Breisig Sen"]
[Site "?"]
[Date "2002.??.??"]
[Round "4"]
[White "Wild, Gerhard"]
[Black "Homes, Helmut"]
[Result "1-0"]
[WhiteElo "1974"]
[BlackElo "1795"]
[PlyCount "114"]
[EventDate "2002.??.??"]

1. d4 Nf6 2. c4 e5 3. dxe5 Ng4 4. e4 Nxe5 5. f4 Nec6 6. Be3 a5 7. a3 Na6 8. Bd3
Bc5 9. Bxc5 Nxc5 10. Bc2 d6 11. Ne2 Qe7 12. Nbc3 Be6 13. b3 O-O 14. O-O Rfe8
15. f5 Bd7 16. f6 Qd8 17. Ng3 Ne5 18. fxg7 Ng4 19. Qf3 Be6 20. h3 Ne5 21. Qf2
c6 22. Nh5 Ncd7 23. Rad1 Qg5 24. Nf4 Qxg7 25. Nce2 a4 26. Nxe6 Rxe6 27. Nd4 Rf6
28. Nf5 Qf8 29. Qe3 axb3 30. Qxb3 Nc5 31. Qb4 Ned7 32. Qc3 Rg6 33. Rf3 Re8 34.
Qd4 Ree6 35. Rdf1 Ne5 36. R3f2 Ncd7 37. Qc3 Nb6 38. Ne3 Qg7 39. Nf5 Qf8 40. Bb3
Nbd7 41. a4 c5 42. a5 Nf6 43. Qe3 Qd8 44. Ra1 Nc6 45. Bc2 Nxa5 46. Bd3 Nc6 47.
Rfa2 Qd7 48. Ra8+ Re8 49. Qf4 Ne5 50. R1a3 h6 51. Nxh6+ Kh7 52. Nf5 Nh5 53. Qf2
Ng7 54. Rxe8 Qxe8 55. Qh4+ Kg8 56. Ne7+ Kf8 57. Nxg6+ Nxg6 1-0

[Event "Bad Breisig Sen"]
[Site "?"]
[Date "2002.??.??"]
[Round "4"]
[White "Philipp, Guenther"]
[Black "Schulz, Eckhard"]
[Result "0-1"]
[WhiteElo "1703"]
[BlackElo "1855"]
[PlyCount "90"]
[EventDate "2002.??.??"]

1. d4 Nf6 2. Nf3 g6 3. Bg5 Bg7 4. e3 d6 5. Nbd2 O-O 6. Be2 Nbd7 7. O-O c5 8. c3
b6 9. Qa4 Bb7 10. Ba6 Bxa6 11. Qxa6 Qc8 12. Qe2 Qc7 13. h3 Rfe8 14. e4 e5 15.
d5 h6 16. Bh4 Nh5 17. Bg3 Nf4 18. Bxf4 exf4 19. a4 a6 20. Nh2 h5 21. f3 Ne5 22.
Nc4 Nd7 23. Rfd1 b5 24. axb5 axb5 25. Na3 b4 26. Nb5 Qb6 27. c4 Be5 28. Qc2 Ra5
29. Ra4 Rxa4 30. Qxa4 Bxb2 31. Rd2 Bg7 32. Ra2 Ne5 33. Qc2 Rb8 34. Nf1 Nxc4 35.
Qxc4 Qxb5 36. Qxb5 Rxb5 37. Nd2 b3 38. Ra6 Be5 39. Kf1 b2 40. Nb1 Rb4 41. Ke2
Rc4 42. Rb6 Rc1 43. Na3 c4 44. Kd2 c3+ 45. Kd3 c2 0-1

[Event "Bad Breisig Sen"]
[Site "?"]
[Date "2002.??.??"]
[Round "4"]
[White "Blutharsch, Walter"]
[Black "Oser, Thor"]
[Result "1-0"]
[WhiteElo "1789"]
[BlackElo "1684"]
[PlyCount "76"]
[EventDate "2002.??.??"]

1. e4 c5 2. Nc3 a6 3. Nf3 Nc6 4. a3 e6 5. Bc4 Nge7 6. O-O Ng6 7. d3 Be7 8. Be3
b5 9. Ba2 Bb7 10. Qe2 O-O 11. Rad1 Qc7 12. Ne1 Rad8 13. f4 Nd4 14. Qf2 f5 15.
e5 Kh8 16. Nb1 Bd5 17. Bxd5 exd5 18. c3 Ne6 19. Nc2 d6 20. d4 dxe5 21. dxe5 Rd7
22. Rd2 Rfd8 23. Rfd1 a5 24. g3 Ngf8 25. Qf3 Qb7 26. b4 axb4 27. axb4 c4 28.
Bf2 g6 29. Ne3 Nc7 30. Na3 h5 31. Nac2 Nfe6 32. Nd4 Nxd4 33. Rxd4 Qc6 34. Kg2
Kg7 35. h3 Qa6 36. Nxd5 Nxd5 37. Rxd5 Qe6 38. Rxd7 Rxd7 1-0

[Event "Bad Breisig Sen"]
[Site "?"]
[Date "2002.??.??"]
[Round "4"]
[White "Kahler, Kurt"]
[Black "Suess, Horst"]
[Result "1-0"]
[WhiteElo "1676"]
[BlackElo "1450"]
[PlyCount "23"]
[EventDate "2002.??.??"]

1. e4 e6 2. d4 d5 3. Be3 Nd7 4. Bd3 c5 5. c3 c4 6. Bc2 Ngf6 7. e5 Ne4 8. f3
Qh4+ 9. g3 Nxg3 10. Bf2 Qg5 11. hxg3 Be7 12. f4 1-0

[Event "Bad Breisig Sen"]
[Site "?"]
[Date "2002.??.??"]
[Round "4"]
[White "Alicke, Manfred"]
[Black "Jakubowski, Karl"]
[Result "1-0"]
[WhiteElo "1598"]
[BlackElo "1391"]
[PlyCount "131"]
[EventDate "2002.??.??"]

1. e4 e5 2. Nf3 d6 3. Bc4 Be7 4. Nc3 Nf6 5. d4 exd4 6. Nxd4 O-O 7. Bd3 Nbd7 8.
f4 Nc5 9. O-O Bg4 10. Qe1 Nxd3 11. cxd3 c6 12. h3 Bd7 13. f5 Qb6 14. Be3 c5 15.
Nde2 Bb5 16. Nf4 Qa6 17. Rd1 Nd7 18. Ncd5 Bd8 19. Qg3 Kh8 20. Bd2 Rg8 21. Bc3
Ne5 22. Bxe5 dxe5 23. Ne2 c4 24. Nec3 cxd3 25. Nxb5 Qxb5 26. Rxd3 Qxb2 27. Rf2
Qc1+ 28. Rf1 Qc5+ 29. Kh1 Bf6 30. Rb3 b6 31. Rc3 Qd4 32. Qe1 Bg5 33. Rc7 Rgf8
34. h4 Bd2 35. Qe2 Rac8 36. Rd1 Rxc7 37. Nxc7 Qc5 38. Nd5 Bf4 39. Rf1 Bc1 40.
Rf3 Bf4 41. Rc3 Qd4 42. Rd3 Qc5 43. g3 Bh6 44. Kh2 g5 45. Qb2 gxh4 46. Qxe5+
Bg7 47. f6 Bh6 48. Qb2 Qd6 49. e5 hxg3+ 50. Kg2 Bf4 51. Nxf4 Qc6+ 52. Rd5 Qc4
53. Rd4 Qc6+ 54. Nd5 Qe6 55. Qe2 Qf5 56. Ne7 Qg5 57. Rg4 Qc1 58. Rxg3 Qf4 59.
Qe3 Qh4 60. Nf5 Qh5 61. Qf3 Qxf3+ 62. Kxf3 h5 63. Rg5 Kh7 64. Rg7+ Kh8 65. Nd6
Rd8 66. Nxf7# 1-0